Đường bay chim đại bàng

Tallennettuna:
Bibliografiset tiedot
Päätekijä: Krishnamurti, J.
Aineistotyyppi: Kirja
Kieli:Undetermined
Julkaistu: Thành phố Hồ Chí Minh Phương Đông 2007
Aiheet:
Tagit: Lisää tagi
Ei tageja, Lisää ensimmäinen tagi!
Thư viện lưu trữ: Trung tâm Học liệu Trường Đại học Cần Thơ
LEADER 00580nam a2200193Ia 4500
001 CTU_128394
008 210402s9999 xx 000 0 und d
020 |c 32000 
082 |a 294.3927 
082 |b K89 
100 |a Krishnamurti, J. 
245 0 |a Đường bay chim đại bàng 
245 0 |c J. Krishnamurti ; Thanh Lương, Thích Thiện Sáng (dịch) 
260 |a Thành phố Hồ Chí Minh 
260 |b Phương Đông 
260 |c 2007 
650 |a Zen buddhism 
904 |i M.Loan 
980 |a Trung tâm Học liệu Trường Đại học Cần Thơ